00532nam a2200145Ia 4500003000900000008004100009020002600050040001600076100002500092245008100117260003200198300002000230490003300250856010300283IN-BaIIA211028s9999 xx s 000 0 eng d a9780819425379 (Print) cIIA Library aHoover, Richard, ed. 0aHard X-Ray and Gamma-Ray Detector Physics, Optics, and Applicationsh[eBook] aWashington, USAbSPIEc1997 aOnline resource aProceedings of SPIE; V. 3115 uhttps://www.spiedigitallibrary.org/conference-proceedings-of-spie/3115yClick Here to Access eBook